№ 2 (136); Энергосбережение и водоподготовка

Bibliografiske detaljer
Parent link:Энергосбережение и водоподготовка: научно-технический журнал/ ООО "ЭНИВ". № 2 (136).— , 2006-2017, 2020-
Summary:Режим доступа: по договору с организацией-держателем ресурса
Sprog:russisk
Udgivet: 2022
Online adgang:https://www.elibrary.ru/contents.asp?id=48409949
Format: MixedMaterials Electronisk Bog
KOHA link:https://koha.lib.tpu.ru/cgi-bin/koha/opac-detail.pl?biblionumber=587432

MARC

LEADER 00000nam2a2200000 4500
001 587432
005 20231101131444.0
035 |a (RuTPU)RU\TPU\prd\290072 
035 |a RU\TPU\prd\289841 
090 |a 587432 
100 |a 20220519a20069999km y0rusy50 ca 
101 0 |a rus 
102 |a RU 
200 0 |a № 2 (136) 
210 |d 2022 
333 |a Режим доступа: по договору с организацией-держателем ресурса 
461 1 |0 (RuTPU)RU\TPU\prd\42014  |t Энергосбережение и водоподготовка  |o научно-технический журнал  |f ООО "ЭНИВ"  |v № 2 (136)  |d 2006-2017, 2020- 
801 0 |a RU  |b 63413507  |c 20010227  |g PSBO 
801 1 |a RU  |b 63413507  |c 20170823 
801 2 |a RU  |b 63413507  |c 20220519  |g RCR 
856 4 0 |u https://www.elibrary.ru/contents.asp?id=48409949 
942 |c BK